000 00938cam a2200241 4500
001 X115127
008 011016n2001 000 0 eng u
035 _a(Sirsi) u115127
245 _aHL allows damages for airport noise
260 _c2001
490 _aEstates Gazette Case Summaries
_v{2001} 42 EG 139(CS)
520 _a"Farley v Skinner (No 2" HL 11 October 2001. HL reinstated #10,000 award for non-pecuniary distress set aside by the CA. Appeal allowed. Full copy of HL judgement available on http://www.parliament.the-stationery-office.co.uk/pa/ld200102/ldjudgmt/jd011011/farley-1.htm
650 _aFARLEY V SKINNER
650 _aAIRCRAFT NOISE
650 _aWATTS V MORROW
650 _aDAMAGES
650 _aDISTRESS
650 _aINCONVENIENCE
650 _aNEGLIGENCE
690 _aLAW
856 _uhttps://www.parliament.the-stationery-office.co.uk/pa/ld200102/ldjudgmt/jd011011/farley-1.htm
942 _n0
999 _c68564
_d68564